Años de vértigo : (Registro nro. 245935)

Detalles MARC
000 -LEADER
fixed length control field 02204nam a2200481Ii 4500
001 - CONTROL NUMBER
control field DIGSIGHOM043
003 - CONTROL NUMBER IDENTIFIER
control field NyNyDIG
008 - FIXED-LENGTH DATA ELEMENTS--GENERAL INFORMATION
fixed length control field 160621s2016 ck o 000 e spa d
006 - FIXED-LENGTH DATA ELEMENTS--ADDITIONAL MATERIAL CHARACTERISTICS
fixed length control field m o d
007 - PHYSICAL DESCRIPTION FIXED FIELD--GENERAL INFORMATION
fixed length control field cr |||||||||||
035 ## - SYSTEM CONTROL NUMBER
System control number (OCoLC)950973019
040 ## - CATALOGING SOURCE
Original cataloging agency DGITA
Language of cataloging eng
Description conventions rda
-- pn
Transcribing agency DGITA
020 ## - INTERNATIONAL STANDARD BOOK NUMBER
International Standard Book Number 9789586653800
Qualifying information (eBook ;
-- pdf)
020 ## - INTERNATIONAL STANDARD BOOK NUMBER
International Standard Book Number 9586653803
Qualifying information (eBook ;
-- pdf)
020 ## - INTERNATIONAL STANDARD BOOK NUMBER
International Standard Book Number 9789586653794
Qualifying information (eBook ;
-- ePub)
020 ## - INTERNATIONAL STANDARD BOOK NUMBER
International Standard Book Number 958665379X
Qualifying information (eBook ;
-- ePub)
020 ## - INTERNATIONAL STANDARD BOOK NUMBER
Canceled/invalid ISBN 9789586653787
020 ## - INTERNATIONAL STANDARD BOOK NUMBER
Canceled/invalid ISBN 9586653781
050 14 - LIBRARY OF CONGRESS CALL NUMBER
Classification number PQ8179.S37 eBook
100 1# - MAIN ENTRY--PERSONAL NAME
Personal name Sanín Cano, Baldomero,
Dates associated with a name 1861-1957,
Relator term author.
240 10 - UNIFORM TITLE
Uniform title Essays.
Form subheading Selections
245 10 - TITLE STATEMENT
Title Años de vértigo :
Remainder of title Baldomero Sanín Cano y la revista Hispania (1912-1916) /
Statement of responsibility, etc. Rafael Rubiano Muñoz, Juan Guillermo Gómez García ; selección y transcripción de textos de Rafael Rubiano Muñoz.
246 30 - VARYING FORM OF TITLE
Title proper/short title Baldomero Sanín Cano y la revista Hispania (1912-1916)
264 #1 - PRODUCTION, PUBLICATION, DISTRIBUTION, MANUFACTURE, AND COPYRIGHT NOTICE
Place of production, publication, distribution, manufacture [Bogotá, Colombia] :
Name of producer, publisher, distributor, manufacturer Siglo del Hombre Editores :
-- Universidad de Antioquia :
-- GELCIL :
-- KULTUR,
Date of production, publication, distribution, manufacture, or copyright notice 2016.
300 ## - PHYSICAL DESCRIPTION
Extent 1 online resource.
336 ## - CONTENT TYPE
Content type term text
Content type code txt
Source rdacontent
337 ## - MEDIA TYPE
Media type term computer
Media type code c
Source rdamedia
338 ## - CARRIER TYPE
Carrier type term online resource
Carrier type code cr
Source rdacarrier
490 1# - SERIES STATEMENT
Series statement Biblioteca José Martí. Serie Estudios Culturales
588 0# - SOURCE OF DESCRIPTION NOTE
Source of description note Online resource; title from PDF title page (Digitalia, viewed June 21, 2016)
600 10 - SUBJECT ADDED ENTRY--PERSONAL NAME
Personal name Sanín Cano, Baldomero,
Dates associated with a name 1861-1957
General subdivision Criticism and interpretation.
650 #0 - SUBJECT ADDED ENTRY--TOPICAL TERM
Topical term or geographic name entry element Colombian essays.
655 #0 - INDEX TERM--GENRE/FORM
Genre/form data or focus term Electronic books.
700 1# - ADDED ENTRY--PERSONAL NAME
Personal name Rubiano Muñoz, Rafael,
Relator term author,
-- editor.
700 1# - ADDED ENTRY--PERSONAL NAME
Personal name Gómez García, Juan Guillermo,
Relator term author.
791 2# -
-- Digitalia (Firm),
-- distributor.
793 0# -
-- Digitalia eBook Collection:
-- Siglo del Hombre Editores
776 08 - ADDITIONAL PHYSICAL FORM ENTRY
Relationship information Print version:
Main entry heading Sanín Cano, Baldomero, 1861-1957.
Uniform title Essays. Selections.
Title Años de vértigo.
Place, publisher, and date of publication [Bogotá, Colombia] : Siglo del Hombre Editores : Universidad de Antioquia : GELCIL : KULTUR, 2016.
International Standard Book Number 9789586653787
830 #0 - SERIES ADDED ENTRY--UNIFORM TITLE
Uniform title Biblioteca José Martí.
Name of part/section of a work Serie Estudios culturales.
856 40 - ELECTRONIC LOCATION AND ACCESS
Materials specified Digitalia Hispánica
Uniform Resource Identifier <a href="https://www.digitaliapublishing.com/a/40796/">https://www.digitaliapublishing.com/a/40796/</a>
910 ## - USER-OPTION DATA (OCLC)
User-option data Premium Collection: 2016
942 ## - ADDED ENTRY ELEMENTS (KOHA)
Koha item type Recurso Electrónico
Existencias
Withdrawn status Lost status Damaged status Not for loan Collection Home library Current library Date acquired Total checkouts Date last seen Price effective from Koha item type
        Digitalia Ebooks Hispanica Biblioteca Digital UIN Biblioteca Digital UIN 04/25/2025   04/25/2025 04/25/2025 Recurso Electrónico

CONTACTO


NOSOTROS


SITIOS DE INTERES

coordinacion.biblioteca.biblioteca@unienlinea.mx Misión, Visión y Objetivos Bases de datos
Directorio Bibliotecas Digitales y Repositorios
Normatividad Revistas y artículos
Convenios interbibliotecarios
Boletines



Hecho en México. Universidad Insurgentes (UIN). Todos los derechos reservados 2024. Esta página y sus contenidos pueden ser reproducidos con fines no lucrativos, siempre y cuando no se mutile, se cite la fuente completa y su dirección electrónicas. De otra forma requiere permiso previo por escrito de la institución




2024 Copyright Universidad Insurgentes | www.bibliouin.com.mx